Back stability

Guardat en:
Dades bibliogràfiques
Autor principal: Norris, Christopher M. (Autor)
Format: Llibre
Idioma:anglès
Publicat: Champaign Human Kinetics 2000
Matèries:
Etiquetes: Afegir etiqueta
Sense etiquetes, Sigues el primer a etiquetar aquest registre!

MARC

LEADER 00000nam a2200000 a 4500
001 UCK2289
003 CL-VaPUC
008 041229e20000000US |||||||||||||||||eng|d
020 |a 073600081X 
082 0 4 |a 617.564  |b NOR  |2 21 
100 |a Norris, Christopher M.  |e author  |9 613871 
245 1 0 |a Back stability 
300 |a 271 p 
942 |c BK 
945 |d 20041229 00:00:00  |a cmena 
260 |a Champaign  |b Human Kinetics  |c 2000 
500 |a Complementario con: Cd-Rom y VHS 
650 0 |a Músculos  |9 269552 
650 0 |a Anatomía  |9 261202 
650 7 |a SISTEMA ESQUELETO MUSCULO  |2 CL-VaPUC  |9 334277 
650 7 |a ESPALDA  |2 CL-VaPUC  |9 384842 
650 7 |a ENTRENAMIENTO ATLETICO  |2 CL-VaPUC  |9 490115 
650 7 |a KINESIOTERAPIA  |2 CL-VaPUC  |9 313086 
650 7 |a TERAPIA FISICA  |2 CL-VaPUC  |9 334239 
583 |a last modification  |c 20041229 00:00:00  |k Rodrigo Vera 
999 |c 311876  |d 311874 
952 |0 0  |1 0  |4 0  |6 617_564000000000000_NOR_2000  |7 0  |8 A  |9 381570  |a BIBCUR  |b BIBCUR  |d 2019-11-21  |i 4087593  |o 617.564 NOR 2000  |p 4087593  |r 2025-04-22  |w 2019-11-21  |y BK  |k KIN